Logo Biblioteca

El orden conservador : (Registro nro. 657)

Detalles MARC
000 -LEADER
fixed length control field 01398aam a2200253 a 4500
001 - CONTROL NUMBER
control field 000262763
003 - CONTROL NUMBER IDENTIFIER
control field AR-RoUNCS
005 - DATE AND TIME OF LATEST TRANSACTION
control field 20251028151837.0
008 - FIXED-LENGTH DATA ELEMENTS--GENERAL INFORMATION
fixed length control field 080926s1986 ag d gr 001 0 spa |
020 ## - INTERNATIONAL STANDARD BOOK NUMBER
International Standard Book Number 950-614-365-X
040 ## - CATALOGING SOURCE
Original cataloging agency AR-BaBN
Language of cataloging spa
Transcribing agency AR-RoUNCS
Description conventions aacr
080 ## - UNIVERSAL DECIMAL CLASSIFICATION NUMBER
Universal Decimal Classification number 32(82)"1880/1916"
100 1# - MAIN ENTRY--PERSONAL NAME
Personal name Botana, Natalio R.,
Dates associated with a name 1937-
Relator term autor
245 13 - TITLE STATEMENT
Title El orden conservador :
Remainder of title la política argentina entre 1880 y 1916 /
Statement of responsibility, etc. Natalio R. Botana.
260 ## - PUBLICATION, DISTRIBUTION, ETC.
Place of publication, distribution, etc. Buenos Aires :
Name of publisher, distributor, etc. Hyspamérica,
Date of publication, distribution, etc. 1986.
300 ## - PHYSICAL DESCRIPTION
Extent 345 p., [3] h. :
Other physical details diagrs. ;
Dimensions 20 cm.
490 0# - SERIES STATEMENT
Series statement Biblioteca Argentina de Historia y Política / dirigida por Pablo Costantini
Volume/sequential designation 6
504 ## - BIBLIOGRAPHY, ETC. NOTE
Bibliography, etc. note Incluye notas y referencias bibliográficas al final de cada capítulo.
505 0# - FORMATTED CONTENTS NOTE
Formatted contents note Introducción -- La fórmula alberdiana: Los orígenes del régimen del ochenta -- La república posible -- La oligarquía política -- Rasgos institucionales de un régimen: Electores, gobernadores y senadores -- El sistema federal -- La clase gobernante frente a la impugnación revolucionaria -- La reforma política de 1912: Del orden oligárquico a la democratización -- Las leyes electorales: diálogo entre dos reformadores -- ¿Plan estratégico o salto en el vacío? -- Apéndice.
651 #4 - SUBJECT ADDED ENTRY--GEOGRAPHIC NAME
Geographic name ARGENTINA
General subdivision GOBIERNO
Chronological subdivision 1880-1916
653 ## - INDEX TERM--UNCONTROLLED
Uncontrolled term CONSERVADURISMO
700 1# - ADDED ENTRY--PERSONAL NAME
Personal name Constantini, Pablo
Relator term director de colección
942 ## - ADDED ENTRY ELEMENTS (KOHA)
Source of classification or shelving scheme Universal Decimal Classification
Koha item type Obra General
Existencias
Withdrawn status Lost status Source of classification or shelving scheme Damaged status Not for loan Collection Home library Current library Date acquired Source of acquisition Total checkouts Full call number Barcode Date last seen Price effective from Koha item type
    Universal Decimal Classification     Colección General Biblioteca Escuela de Ciencias Sociales Biblioteca Escuela de Ciencias Sociales 28/10/2025 Donación 2024   32(82)"1880/1916" B748 000964 28/10/2025 28/10/2025 Obra General
Biblioteca de la Escuela Preuniversitaria en Ciencias Sociales y Humanísticas.
Riobamba 250 bis.
CP 2000 - Rosario - Santa Fe
E-Mail: biblioteca@esociales.unr.edu.ar